000
00228nam a2200097Ia 4500
008
170619s9999 xx 000 0 und d
100
_a
Khan- M. Y. Jain
245
0
_a
Management accounting
260
_b
New Delhi T M H
260
_c
2004
546
_a
ENGLISH
999
_c
21943
_d
21943